LEADER 00884nam a2200205 4500 001 000000355695 003 CaOOAMICUS 005 20231012155036.0 008 231012s1876 it 000 u ita r 040 $aSeMil$bita 100 1 $aZocchi, Gaetano,$c.$0(OLS)http://semarc/name/31309 245 10$aDella libertà d'insegnamento in Italia / $cper Gaetano Zocchi. 264 1$aMilano :$bLibreria editrice Ditta Serafino Maiocchi,$c1876. 300 $a92 p. ;$c24 cm 650 4$aLibertà d'insegnamento.$0(OLS)http://semarc/subject/38856 850 $aSeMil 852 $aSeMil$W1$xVenegono$y1$m5B IV 6/11$j243892$B246936$CSeMilBibl$Z2$F246936 $8I 996 $6245$aDella libertà d'insegnamento in Italia / $9(OLS)http://semarc/title/445916 996 $6264$aMilano :$bLibreria editrice Ditta Serafino Maiocchi$9(OLS)http://semarc/publisher/44056 LEADER 01224nam a2200277 i 4500 001 000000185084 003 CaOOAMICUS 005 20160928000000.0 008 160928s1987 it u000 u ita u 013 $a163080 020 $a88-444-1073-7 040 $aSeMil$bita 100 1 $aGrossi, Paolo.$0(OLS)http://semarc/name/8778 245 10$aAsmat, uccidere per essere :$bmiti e riti dei cacciatori di teste della Nuova /$cPaolo Grossi. 260 $aMilano :$bAll'insegna del pesce d'oro,$c1987. 300 $a197 p. :$bill. ;$c22 cm. 490 0 $aBiblioteca orientale 650 4$aNuova Guinea - Miti.$0(OLS)http://semarc/subject/34945 650 4$aNuova Guinea - Riti.$0(OLS)http://semarc/subject/34946 830 0$aBiblioteca orientale.$0(OLS)http://semarc/title/12200 850 $aSeMil 852 $aSeMil$W1$xVenegono$y1$m2R III 420$j135775$B135775$CSeMilBibl$Z2$F213964 $81 961 $aLascito: Brovelli don Giovanni 996 $6020$a88-444-1073-7$9(OLS)http://semarc/number/175152 996 $6245$aAsmat, uccidere per essere :$bmiti e riti dei cacciatori di teste della Nuova$9(OLS)http://semarc/title/265834 996 $6260$aMilano :$bAll'insegna del pesce d'oro$9(OLS)http://semarc/publisher/29752 LEADER 00564nam a2200181 i 4500 001 000000199561 003 CaOOAMICUS 005 20110324000000.0 008 110324s1973 it u000 u ita u 013 $a178253 040 $aSeMil$bita 245 10$aInsetti. 250 $a3. rist. 300 $a1039 p. :$bill. ;$c27 cm. 773 0 $aScortecci, Giuseppe$tAnimali.$dMilano : Labor, 1953-1955.$g6$w()24618 850 $aSeMil 852 $aSeMil$W1$xVenegono$y1$m3XK V 3$j150112$B150112$CSeMilBibl$Z2$F161464 $81 996 $6245$aInsetti$9(OLS)http://semarc/title/288523